|
|
|
|
| LEADER |
01202nam a2200289 a 4500 |
| 001 |
2612061 |
| 003 |
BD-DhAAL |
| 005 |
20230618121723.0 |
| 008 |
090816s2009 bg b 100 0 eng d |
| 010 |
|
|
|a 97906931
|
| 040 |
|
|
|a DLC
|c DLC
|d BD-DhAAL
|
| 082 |
0 |
0 |
|a 362.82/92095492
|2 23
|
| 100 |
1 |
|
|a Mannan,M.A.
|9 1360
|
| 245 |
0 |
0 |
|a An inventory and statistics violence against women in Bangladesh :
|b who is doing what and where/
|c M.A. Mannan, Salma Chaudhuri Zohir.
|
| 260 |
|
|
|a Dhaka :
|b Bangladesh Institute of Development Studies(BIDS),
|c 2009.
|
| 300 |
|
|
|a 161 pages ;
|c 28 cm.
|
| 504 |
|
|
|a Includes bibliographical references
|
| 541 |
1 |
|
|e 18999
|
| 650 |
|
0 |
|a Poor women
|z Bangladesh
|x Social conditions.
|9 54747
|
| 650 |
|
0 |
|a Abused women
|z Bangladesh.
|9 1362
|
| 650 |
|
0 |
|a Family violence
|z Bangladesh.
|9 1364
|
| 700 |
|
|
|a Zohir,Salma Chaudhuri.
|9 1365
|
| 710 |
2 |
|
|a Bangladesh Institute of Development Studies(BIDS)
|9 1366
|
| 852 |
4 |
|
|a Ayesha Abed Library
|j General Shelf.
|
| 942 |
|
|
|2 ddc
|c BK
|
| 999 |
|
|
|c 3309
|d 3309
|
| 952 |
|
|
|0 0
|1 0
|2 ddc
|4 0
|6 362_829209549200000_MAN
|7 0
|9 3000
|a BIGD
|b BIGD
|c GEN
|d 2009-08-31
|l 0
|o 362.8292095492 MAN
|p 3050018999
|r 2009-08-31
|t 1
|w 2009-08-31
|y BK
|x Transferred from BDI to BIGD.
|